| 000 | 00878nam a2200205 a 4500 | ||
|---|---|---|---|
| 005 | 20250111063804.0 | ||
| 008 | 991125s1997 mx 000 0 spa u | ||
| 035 | _aUPN01000009330 | ||
| 049 | _aTES | ||
| 099 | _a13858 | ||
| 100 | 1 | _aChávez Torres, Ana Rosa | |
| 245 | 1 | 0 |
_aCómo fomentar la conciencia ecológica en los alumnos de segundo grado, grupo "A" por medio de su participación en actividades escolares relacionadas con el medio ambiente / _cAna Rosa Chávez Torres. |
| 260 |
_aGuadalajara : _bA. R. Chávez Torres, _c1997. |
||
| 300 |
_a50, [7] h. : _bil. |
||
| 500 | _a"Unidad 14A" | ||
| 502 | _aPropuesta pedagógica (Lic. en Educación Primaria) -- Universidad Pedagógica Nacional, 1997 | ||
| 650 | 4 |
_aEducación ambiental _xEstudio y enseñanza (Elemental) _99202 |
|
| 710 | 2 |
_aUniversidad Pedagógica Nacional (México). _bUnidad 14A _928428 |
|
| 905 | _aTesis | ||
| 999 |
_c9330 _d9330 |
||